Ako ochrániť dobré meno firmy

Dobré meno podniku v období krízy. Dôvera verejnosti v podnikateľský trh. Nástroje public-relations a reklama. Poskytovanie pravdivých informácií a reputačné riziko. Tri základné priority budovania dobrého mena podniku. Zlepšovanie imidžu podniku v oblasti životného prostredia.

Na minha lista:
Detalhes bibliográficos
Autor principal: Milecová, Miroslava
Formato: Capítulo de Livro
Idioma:eslovaco
Assuntos:
Tags: Adicionar Tag
Sem tags, seja o primeiro a adicionar uma tag!

MARC

LEADER 00000naa$a2200000$$$4500
001 0114156
005 20240502072254.2
041 0 |a slo 
044 |a SK 
245 1 0 |a Ako ochrániť dobré meno firmy  |c Miroslava Milecová 
520 |a Dobré meno podniku v období krízy. Dôvera verejnosti v podnikateľský trh. Nástroje public-relations a reklama. Poskytovanie pravdivých informácií a reputačné riziko. Tri základné priority budovania dobrého mena podniku. Zlepšovanie imidžu podniku v oblasti životného prostredia. 
610 2 0 |a manažment 
610 2 0 |a stratégia podnikateľská 
610 2 0 |a politika podniková 
610 2 0 |a komunikácia marketingová 
610 2 0 |a goodwill 
610 2 0 |a imidž 
100 1 |a Milecová, Miroslava